01001nam a22002297a 450000100060000000300080000600500170001400800410003103500190007204000350009104100080012608200260013410000510016024502020021126000890041330000360050250200950053850400310063365000300066470000390069470000380073381300BD-RjUL20260430140507.0230321s2019 bg a|||| m||| 00| 0 eng d a(BD-RjUL)81300 aBD-RjULbengcBD-RjULdBD-RjUL aeng 223a616.123bMAA 2019 aMajumder, Mohammed. Mizanur RahmaneResearcher10aAssociation of renal impairment with severity of coronary artery disease. /cSubmitted By Mohammed. Mizanur Rahman, Majumder ;6Supervisor : Kamal, Krishna Biswas, Co-Supervisor : Mir, Jamal Uddin, aRajshahi :bInstitute of Biological Sciences, (IBSc.), University of Rajshahi,c2019 aix, 77 leaves :bill, ;c29.cm. aThesis (Ph. D.) -- Institute of Biological Sciences, (IBSc.), University of Rajshahi, 2019 aReferences : Leaves 60 -73 aCoronary diseasevDisease aBiswas, Kamal KrishnaeSupervisor  a Uddin, Mir JamaleCo-Supervisor